| 000 | 00441nam a2200181Ia 4500 | ||
|---|---|---|---|
| 008 | 160901s9999 xx 000 0 und d | ||
| 020 | _a1-90415-120-5 | ||
| 050 | _aComSc QA 76.9 | ||
| 050 | _b.D26P73 2002 | ||
| 245 | _aPractical database design for the web / | ||
| 245 | _cChris Auld.. [et al] | ||
| 260 | _aUSA : | ||
| 260 | _bGlasshaus Ltd., | ||
| 260 | _c2002 | ||
| 300 | _a296 pages : | ||
| 300 | _bill. ; | ||
| 300 | _c23 cm. | ||
| 999 |
_c300913 _d300913 |
||